000 00573nam a22001817a 4500
005 20251108174938.0
008 250721s2008 xx 000 0 ara d
082 1 4 _aم/922.16/شرق
100 1 _aالشرقاوي، عبد الرحمن
_eمؤلف
245 1 0 _aابن تيمية الفقية المعذب /
264 1 _aالقاهرة :
_bدارالشروق،
_c2008.
300 _a199ص.
650 1 7 _aالفقهاء المسلمون
650 1 7 _aالفقه الاسلامي
650 1 7 _aالتاريخ الاسلامي
942 _2ddc
_cREF
999 _c122182
_d122182